| 000 | 00969nam a22002657a 4500 | ||
|---|---|---|---|
| 005 | 20150807142844.0 | ||
| 010 | _aENG-113213-214 | ||
| 020 |
_a9788180386893 (set of 2 vols.) _c4495.00 (set price) |
||
| 035 | _aEN-96745-746 | ||
| 037 | _bDBAD/PUB | ||
| 082 | _a346.54082 | ||
| 100 | _aTannan, M.L. | ||
| 245 |
_aTannan's banker's manual : _cby M.L. Tannan ; foreworded by M.R. Jayakar |
||
| 246 | _aBanker’s manual | ||
| 250 | _a24th ed. by C. R .Datta [and] S. K. Kataria | ||
| 260 |
_aGurgaon _bLexisNexis _c2011 |
||
| 270 |
_a14th Floor, Building No 10 Tower, DLF Cyber City, Phase-II, _bGurgaon _e122002 |
||
| 300 |
_a2V.(clxviii,2472p.; clviii,2132p.) _c25cm(Hb) |
||
| 500 | _aIncludes indexes | ||
| 505 | _av.1-Banking law & practice; v.2- Notes and case-law on allied acts, rules and regulation | ||
| 650 |
_a Banking law _zIndia. |
||
| 700 | _a Datta, C. R. | ||
| 700 | _a Kataria, S. K. | ||
| 942 |
_2ddc _cEN _mTAN _h346.54082 |
||
| 999 |
_c93904 _d93904 |
||